ბათუმის შოთა რუსთაველის სახელმწიფო უნივერსიტეტის ბიბლიოთეკა

ორი ნაპირი (ბიბ.ჩანაწერი № 43468)

000 -LEADER
fixed length control field 00625nam a2200217Ia 4500
001 - CONTROL NUMBER
control field 10199
003 - CONTROL NUMBER IDENTIFIER
control field GE_BSU
008 - FIXED-LENGTH DATA ELEMENTS--GENERAL INFORMATION
fixed length control field 181216s||||||||xx |||||||||||||| ||und||
040 ## - CATALOGING SOURCE
Transcribing agency GE_BSU
080 ## - UNIVERSAL DECIMAL CLASSIFICATION NUMBER
Universal Decimal Classification number 821.353.1–32
100 ## - MAIN ENTRY--PERSONAL NAME
Personal name რუსიძე,კაპიტონ
245 ## - TITLE STATEMENT
Title ორი ნაპირი
245 ## - TITLE STATEMENT
Remainder of title ნოველები
245 ## - TITLE STATEMENT
Statement of responsibility, etc. რედ:ვლ.შარაშიძე
260 ## - PUBLICATION, DISTRIBUTION, ETC.
Place of publication, distribution, etc. ბათუმი
260 ## - PUBLICATION, DISTRIBUTION, ETC.
Name of publisher, distributor, etc. სახელგამი
260 ## - PUBLICATION, DISTRIBUTION, ETC.
Date of publication, distribution, etc. 1953
300 ## - PHYSICAL DESCRIPTION
Extent 268გვ;16სმ.
653 ## - INDEX TERM--UNCONTROLLED
Uncontrolled term ორი ნაპირი:ნოველები
942 ## - ADDED ENTRY ELEMENTS (KOHA)
Koha item type წიგნი
ეგზემპლარები
Withdrawn status Lost status Damaged status Not for loan Date acquired Barcode Date last seen Price effective from Koha item type
        2018-12-17 33529 2018-12-17 2018-12-17 წიგნი
        2018-12-17 33530 2018-12-17 2018-12-17 წიგნი
        2018-12-17 33531 2018-12-17 2018-12-17 წიგნი
        2018-12-17 33532 2018-12-17 2018-12-17 წიგნი